L'autorégulation chez Hume (notice n° 2195889)
[ vue normale ]
| 000 -LEADER | |
|---|---|
| fixed length control field | 01270cam a2200133 4500500 |
| 005 - DATE AND TIME OF LATEST TRANSACTION | |
| control field | 20260405065432.0 |
| 041 ## - LANGUAGE CODE | |
| Language code of text/sound track or separate title | fre |
| 042 ## - AUTHENTICATION CODE | |
| Authentication code | dc |
| 100 10 - MAIN ENTRY--PERSONAL NAME | |
| Personal name | Le Jallé, Éléonore |
| Relator term | author |
| 245 00 - TITLE STATEMENT | |
| Title | L'autorégulation chez Hume |
| 260 ## - PUBLICATION, DISTRIBUTION, ETC. | |
| Name of publisher, distributor, etc. | Presses Universitaires de France,<br/> |
| Date of publication, distribution, etc. | 2005.<br/> |
| 520 ## - SUMMARY, ETC. | |
| Summary, etc. | Une autorégulation caractérise chez Hume les principes d’une nature humaine analysée résolument comme système autorégulé. C’est aussi par une autorégulation que peut se caractériser la science de la nature humaine, son corrélat. Telles sont les formulations modernes que ce livre se propose d’ppliquer à cette «inventivité» de la nature humaine qui, aux moments des critiques du jeu antagoniste de ses principes, effectue les «changements de direction»destinés àassurer les rééquilibrages indispensables à sa survie&#8239;; celui du système de l’entendement avec la mise en jeu de l’imagination dont la logique vitale préserve des excès de la logique stricte, celui du système des passions que «l’amour du gain» réoreinte spontanément vers une construction autorégulée d’artifices et de conventions. |
| 856 41 - ELECTRONIC LOCATION AND ACCESS | |
| Uniform Resource Identifier | <a href="https://shs.cairn.info/l-autoregulation-chez-hume--9782130536994?lang=fr&redirect-ssocas=7080">https://shs.cairn.info/l-autoregulation-chez-hume--9782130536994?lang=fr&redirect-ssocas=7080</a> |
Pas d'exemplaire disponible.




Réseaux sociaux